XVII Международная научная конференция "Математические методы в технике и технологиях". ММТТ - 17 (Запись № 1475955)

Подробности
000 -МАРКЕР
контрольное поле 02253nam1a2200445 i 4500
001 - ИДЕНТИФИКАТОР ЗАПИСИ
контрольное поле RU\NLR\bibl\559458
005 - ИДЕНТИФИКАТОР ВЕРСИИ
контрольное поле 20260407101538.0
035 ## - ДРУГИЕ СИСТЕМНЫЕ НОМЕРА
Идентификатор записи (NLR Aleph) 000551588
100 ## - ДАННЫЕ ОБЩЕЙ ОБРАБОТКИ
Данные общей обработки 20041006g20049999k y0rusy50 ca
101 0# - ЯЗЫК РЕСУРСА
Язык текста, звукозаписи и т.д. русский
102 ## - СТРАНА ПУБЛИКАЦИИ ИЛИ ПРОИЗВОДСТВА
Страна публикации Российская Федерация
105 ## - ПОЛЕ КОДИРОВАННЫХ ДАННЫХ: ТЕКСТОВЫЕ МАТЕРИАЛЫ, МОНОГРАФИЧЕСКИЕ
Кодированные данные о монографическом текстовом документе a |||||||||
200 1# - ЗАГЛАВИЕ И СВЕДЕНИЯ ОБ ОТВЕТСТВЕННОСТИ
Основное заглавие XVII Международная научная конференция "Математические методы в технике и технологиях". ММТТ - 17
Сведения, относящиеся к заглавию [1-3 июня 2004 г.]
-- Сб. тр.
-- [В 10 т.
Первые сведения об ответственности Редкол.: д.т.н., проф. В.С. Балакирев (общ. ред.) и др.]
210 ## - ПУБЛИКАЦИЯ, РАСПРОСТРАНЕНИЕ И ДР.
Место издания, распространения и т.д. Кострома
Имя издателя, распространителя и т. д. Изд-во КГТУ
Дата издания, распространения и т.д. 2004
215 ## - ФИЗИЧЕСКАЯ ХАРАКТЕРИСТИКА
Размеры 20
300 ## - ОБЩИЕ ПРИМЕЧАНИЯ
Текст примечания В надзаг.: М-во образования и науки Рос. Федерации, Рос. хим.-технол. ун-т им. Д.И. Менделеева, Моск. гос. акад. тон. хим. технологии, Моск. гос. ун-т инж. экологии и др.
300 ## - ОБЩИЕ ПРИМЕЧАНИЯ
Текст примечания 60 лет Костром. обл.
463 #0 - УРОВЕНЬ ФИЗИЧЕСКОЙ ЕДИНИЦЫ
Встроенное поле 001546112
463 #0 - УРОВЕНЬ ФИЗИЧЕСКОЙ ЕДИНИЦЫ
Встроенное поле 001546125
463 #0 - УРОВЕНЬ ФИЗИЧЕСКОЙ ЕДИНИЦЫ
Встроенное поле 001546107
463 #0 - УРОВЕНЬ ФИЗИЧЕСКОЙ ЕДИНИЦЫ
Встроенное поле 001559103
463 #0 - УРОВЕНЬ ФИЗИЧЕСКОЙ ЕДИНИЦЫ
Встроенное поле 001558983
463 #0 - УРОВЕНЬ ФИЗИЧЕСКОЙ ЕДИНИЦЫ
Встроенное поле 001608761
463 #0 - УРОВЕНЬ ФИЗИЧЕСКОЙ ЕДИНИЦЫ
Встроенное поле 001607365
463 #0 - УРОВЕНЬ ФИЗИЧЕСКОЙ ЕДИНИЦЫ
Встроенное поле 001612005
463 #0 - УРОВЕНЬ ФИЗИЧЕСКОЙ ЕДИНИЦЫ
Встроенное поле 001612001
463 #0 - УРОВЕНЬ ФИЗИЧЕСКОЙ ЕДИНИЦЫ
Встроенное поле 001612015
517 0# - ДРУГИЕ ВАРИАНТЫ ЗАГЛАВИЯ
Вариант заглавия ММТТ-17
606 ## - НАИМЕНОВАНИЕ ТЕМЫ КАК ПРЕДМЕТ
Наименование темы Техника
Формальный подзаголовок Съезды, совещания и т.п
Тематический подзаголовок Математические основы
Системный номер авторитетной/нормативной записи 2230171
Идентификатор авторитетной/нормативной записи RU\NLR\AUTH\6601571169
606 ## - НАИМЕНОВАНИЕ ТЕМЫ КАК ПРЕДМЕТ
Наименование темы Технологические процессы
Формальный подзаголовок Съезды, совещания и т.п
Тематический подзаголовок Математическое моделирование
Системный номер авторитетной/нормативной записи 1919936
Идентификатор авторитетной/нормативной записи RU\NLR\AUTH\661164526
686 1# - ИНДЕКСЫ ДРУГИХ КЛАССИФИКАЦИЙ
Индекс Ж.с11я431(0)
686 1# - ИНДЕКСЫ ДРУГИХ КЛАССИФИКАЦИЙ
Индекс Ж601с11я431(0)
702 #1 - ИМЯ ЛИЦА - ВТОРИЧНАЯ ОТВЕТСТВЕННОСТЬ
Код отношения Редактор
Графика поля Кириллица
Материалы, к которым относится поле rus
Начальный элемент ввода Балакирев
Часть имени, кроме начального элемента ввода В. С.
Расширение инициалов личного имени Валентин Сергеевич
Системный номер авторитетной/нормативной записи 17899
Идентификатор авторитетной/нормативной записи RU\NLR\auth\7734900
710 12 - НАИМЕНОВАНИЕ ОРГАНИЗАЦИИ - ПЕРВИЧНАЯ ОТВЕТСТВЕННОСТЬ
Начальный элемент ввода "Математические методы в технике и технологиях", международная научная конференция
Порядковый номер временной организации и / или порядковый номер ее части 17
Место проведения временной организации Кострома
Дата проведения временной организации 2004
Системный номер авторитетной/нормативной записи 612699
Идентификатор авторитетной/нормативной записи RU\NLR\AUTH\8810056025
801 #0 - ИСТОЧНИК ЗАПИСИ
Страна Российская Федерация
Организация NLR
Дата составления 20041006
Правила каталогизации PSBO
801 #1 - ИСТОЧНИК ЗАПИСИ
Страна Российская Федерация
Организация NLR
Дата составления 20041006
852 ## - МЕСТОНАХОЖДЕНИЕ И ШИФР ХРАНЕНИЯ
Идентификатор организации NLR
Шифр хранения (Call Number) 2004-3/17427
942 ## - ДОПОЛНИТЕЛЬНЫЕ ЭЛЕМЕНТЫ ЗАПИСИ (АБИС)
Тип экземпляра АБИС Книга

Нет доступных экземпляров.